Le formalità costitutive del rapporto processuale nel sistema accusatorio romano

Gespeichert in:
Bibliographische Detailangaben
1. Verfasser: Bianchini, Mariagrazia
Format: Buch
Sprache:Italienisch
Veröffentlicht: Milán Dott. A. Giuffrè 1964
Schlagworte:
Tags: Tag hinzufügen
Keine Tags, Fügen Sie den ersten Tag hinzu!

MARC

LEADER 00000nam a2200000 a 4500
001 UCR0938
003 CL-VaPUC
005 20210511001417.0
008 971205e19640000IT |||||||||||||||||ita|d
999 |c 264436  |d 264434 
040 |c Pontificia Universidad Católica de Valparaíso 
082 0 4 |a 340.54 BIA 1964  |2 21 
100 0 |a Bianchini, Mariagrazia  |9 397591 
245 1 3 |a Le formalità costitutive del rapporto processuale nel sistema accusatorio romano 
260 |a Milán  |b Dott. A. Giuffrè  |c 1964 
300 |a 173 páginas 
583 |a last modification  |c 19971205 00:00:00  |k Rodrigo Vera 
650 0 |a Derecho romano  |9 255930 
650 0 |a Derecho procesal penal  |9 255496 
650 7 |a PROCEDIMIENTO PROCESAL  |2 CL-VaPUC  |9 397592 
942 |c BK  |2 ddc 
945 |d 19971205 00:00:00  |a aolguin 
952 |0 0  |1 0  |4 0  |6 340_540000000000000_BIA_1964  |7 0  |8 DER_ROM  |9 294713  |a BIBDER  |b BIBDER  |d 2019-11-19  |i 1909916  |l 1  |o 340.54 BIA 1964  |p 1909916  |r 2023-01-25  |s 2020-03-17  |w 2019-11-19  |x Ubicación 4to piso  |y BK  |z Este recurso debe solicitarse con anticipación  |k DER